Zur Entwicklung der frühmittelalterlichen Forschung in Oberösterreich

Podrobná bibliografia
Hlavný autor: Tovornik, Vlasta (Autor)
Médium: Článok
Jazyk:slovenčina
nemčina
ISBN:8077809016
Predmet:

MARC

LEADER 00000nab a2200000 a 4500
001 vtls000579802
003 SK-MaSNL
005 20260305003506.0
008 250425c1993 xo 0 slo
015 |a SNBRA19rr/mm-uuuuu 
035 |a CL0579940 
035 |a urn:nbn:sk:snk-abezv 
035 |a (urnnbn)urn:nbn:sk:snk:ar-a05846 
035 |a (uuid)810b8dd8-2d2d-4f7f-8011-af0a6791a69d 
040 |a SNKBUCL  |b slo  |c SNKBUCL  |e AACR2 
041 0 |a ger 
044 |a xo  |c SK 
080 |a 904(436L)"07/08":902  |2 1981 
080 |a 902  |2 1981 
100 1 |a Tovornik, Vlasta  |4 aut  |9 1580456 
245 1 0 |a Zur Entwicklung der frühmittelalterlichen Forschung in Oberösterreich  |c Vlasta Tovornik 
504 |a Bibliogr. odkazy 
650 0 7 |a raný stredovek  |2 snkbucl  |9 76105 
650 0 7 |a archeologické nálezy  |2 snkbucl  |9 4975 
651 7 |a Horné Rakúsko  |2 snkbucl  |9 215370 
655 7 |a štúdie  |2 snkbucl  |9 57033 
655 7 |a články zo zborníkov  |2 snkbucl  |9 166140 
773 0 |t Študijné zvesti Archeologického ústavu Slovenskej akadémie vied 29  |d Nitra : Archeologický ústav Slovenskej akadémie vied, 1993  |g S. 269-276  |z 8077809016 
850 |a Slovenská národná knižnica 
852 |a Slovenská národná knižnica 
958 |a article27 
958 |a NB 
958 |a AT 
958 |a OND 
958 |a EUIPO 
992 |a RZB 
999 |c 3230595  |d 3232525